Прогностика: общие понятия, объект прогнозирования, аппарат прогнозирования: терминология
| Autores Corporativos: | , |
|---|---|
| Lenguaje: | ruso inglés alemán francés |
| Publicado: |
Москва, Наука, 1978
|
| Colección: | Сборники рекомендуемых терминов Вып. 92 |
| Materias: | |
| Formato: | Libro |
| KOHA link: | https://koha.lib.tpu.ru/cgi-bin/koha/opac-detail.pl?biblionumber=119839 |
MARC
| LEADER | 00000nam0a2200000 4500 | ||
|---|---|---|---|
| 001 | 119839 | ||
| 005 | 20231101215550.0 | ||
| 035 | |a (RuTPU)RU\TPU\book\129758 | ||
| 090 | |a 119839 | ||
| 100 | |a 20070808d1978 km y0rusy50 ca | ||
| 101 | 0 | |a rus |a eng |a ger |a fre | |
| 102 | |a RU | ||
| 105 | |a y eg 001zy | ||
| 200 | 1 | |a Прогностика: общие понятия, объект прогнозирования, аппарат прогнозирования |e терминология |f Академия наук СССР (АН СССР) ; Комитет научно-технической терминологии | |
| 210 | |a Москва |c Наука |d 1978 | ||
| 215 | |a 32 с. | ||
| 225 | 1 | |a Сборники рекомендуемых терминов |v Вып. 92 | |
| 320 | |a Алфавитный указатель русских терминов: с. 24-26. | ||
| 320 | |a Алфавитный указатель немецких терминов: с. 26-28. | ||
| 320 | |a Алфавитный указатель английских терминов: с. 28-29. | ||
| 320 | |a Алфавитный указатель французских терминов: с. 29-31. | ||
| 606 | 1 | |a Научное прогнозирование |2 stltpush |3 (RuTPU)RU\TPU\subj\45134 |9 64396 | |
| 610 | 1 | |a понятия | |
| 610 | 1 | |a прогнозы | |
| 610 | 1 | |a виды | |
| 610 | 1 | |a параметры | |
| 610 | 1 | |a фактографические методы | |
| 610 | 1 | |a экспертные методы | |
| 610 | 1 | |a верификация | |
| 610 | 1 | |a термины | |
| 610 | 1 | |a терминология | |
| 610 | 1 | |a словари | |
| 686 | |a Ч215.31 |2 rubbk | ||
| 712 | 0 | 2 | |a Академия наук СССР (АН СССР) |2 stltpush |3 (RuTPU)RU\TPU\col\722 |
| 712 | 0 | 2 | |a Комитет научно-технической терминологии |2 stltpush |3 (RuTPU)RU\TPU\col\7867 |9 24397 |
| 801 | 1 | |a RU |b 63413507 |c 20070808 |g PSBO | |
| 801 | 2 | |a RU |b 63413507 |c 20160429 |g PSBO | |
| 942 | |c BK | ||